00553nam a2200169Ia 4500008004100000041000800041082001400049100003000063245008400093250000800177260004700185300000600232650002700238942000700265952009600272999001500368230711s9999||||xx |||||||||||||| ||und|| aENG a666bBU-I aBureau of Indian Standard 0aSI : 6441 Pt IVbMethod of test for autoclaved cellular concrete products Pt-IV a1st c1972aNew DelhibBureau of Indian Standard a7 aMechanical Engineering cBK 001040708RaMCLbMCLd0000-00-00l0o666 BU-Ip7737r2023-08-17 14:41:28w2023-08-17yBK c7980d7980